La revolución bajtiniana: El pensamiento de bajtín y la ideología contemporánea

Salvato in:
Dettagli Bibliografici
Autore principale: Ponzio, Augusto
Natura: Libro
Lingua:Undetermined
Pubblicazione: Madrid, España Ediciones Cátedra 1998
Soggetti:
Tags: Aggiungi Tag
Nessun Tag, puoi essere il primo ad aggiungerne!!

MARC

LEADER 00000nam a2200000Ia 4500
008 170316s9999 xx 000 0 und d
090 |a 100 P-30.1r 
100 |a Ponzio, Augusto 
245 |a La revolución bajtiniana: El pensamiento de bajtín y la ideología contemporánea 
260 |a Madrid, España 
260 |b Ediciones Cátedra 
260 |c 1998 
300 |a 253 páginas 
650 |a FILOSOFÍA 
650 |a BAJTIN 
650 |a BAJTIN Y VIGOTSKI 
650 |a BAJTIN Y FREUD 
650 |a BAJTIN Y PEIRCE 
650 |a BAJTIN Y PROPP 
650 |a DIÁLOGO Y DIALÉCTICA 
650 |a BLANCHOT Y LEVINAS 
999 |c 17354  |d 17354 
040 |a cru BVZT 
942 |c 15 D  |h 100 P-30.1r  |2 z